00883nam a2200193 i 450000100060000000300090000600500170001500700030003200800410003510000350007624502530011126000470036430000220041170000440043370000420047785200320051999900170055195201210056822806ES-MaACL20230906152747.0t|021204s1981 sp ||||1| spa d1 aÁlvarez Rico, Manuel.92093310aCánones de regulación y tarifas de riego motivados por obras hidraúlicasb: análisis de su estado actual y sugerencias para una reforma de la legislación / cManuel Alvarez Rico, Rafael Fernández Ordoñez, Antonio José Alvarez Calvo. a[Madrid : bs.n., c1981] (fImp. H. Lago) a300 p. ; c30 cm.1 aFernández Ordóñez, Rafael.9499701 aAlvarez Calvo, Antonio José.920720 aES-MaACLjL-1555 bR.102191 c22806d22806 00104070aATENEOMbATENEOMcDEPO2d2008-01-17eSCl0oL-1555p1023484r2023-02-23 00:00:00w2023-02-23yMONOGRAFIA